Reid's read-alouds 2 (Record no. 131706)
[ view plain ]
| 000 -LEADER | |
|---|---|
| fixed length control field | 01673nam a2200397 a 4500 |
| 082 04 - DEWEY DECIMAL CLASSIFICATION NUMBER | |
| Classification number | 011.62 |
| 100 1# - MAIN ENTRY--AUTHOR NAME | |
| Personal name | Reid, Rob. |
| 245 10 - TITLE STATEMENT | |
| Title | Reid's read-alouds 2 |
| 260 ## - PUBLICATION, DISTRIBUTION, ETC. (IMPRINT) | |
| Place of publication | Chicago : |
| Name of publisher | American Library Association, |
| Year of publication | 2011. |
| 300 ## - PHYSICAL DESCRIPTION | |
| Number of Pages | xii, 145 p. |
| 505 0# - FORMATTED CONTENTS NOTE | |
| Formatted contents note | Authors and titles at a glance -- The read-alouds -- Titles by decade and year -- Books by subject -- Grade-level recommendations. |
| 650 #0 - SUBJECT ADDED ENTRY--TOPICAL TERM | |
| Topical Term | Children |
| Topical Term | Children's literature |
| Topical Term | Young adult literature |
| Topical Term | Oral reading. |
| Topical Term | Children's libraries |
| Topical Term | School libraries |
| 856 40 - ELECTRONIC LOCATION AND ACCESS | |
| Uniform Resource Identifier | http://site.ebrary.com/lib/rucke/Doc?id=10469311 |
No items available.
